Cosmin y la perrita Mina = (Record no. 161100)

MARC details
000 -CABECERA
campo de control de longitud fija 00799nam a2200253 u 4500
005 - FECHA Y HORA DE LA ÚLTIMA TRANSACCIÓN
campo de control 20220817104404.0
008 - ELEMENTOS DE LONGITUD FIJA--INFORMACIÓN GENERAL
campo de control de longitud fija 121129s2007 r 000 0 eng d
020 ## - NÚMERO INTERNACIONAL NORMALIZADO PARA LIBROS
Número Internacional Estándar del Libro 9788498263015
035 ## - NÚMERO DE CONTROL DEL SISTEMA
Número de control de sistema UPN01000188997
049 ## - COLECCIÓN
Colección I
050 #4 - SIGNATURA TOPOGRÁFICA DE LA BIBLIOTECA DEL CONGRESO
Número de clasificación PZ74.9
Número de documento/Ítem R5.36
100 1# - ASIENTO PRINCIPAL--NOMBRE PERSONAL
Nombre de persona Ristea, María,
Fechas asociadas al nombre 1957-
9 (RLIN) 33430
245 10 - MENCIÓN DE TÍTULO
Título Cosmin y la perrita Mina =
Resto del título Cosmin si càtelusa Mina /
Mención de responsabilidad, etc. María Ristea.
260 ## - PUBLICACIÓN, DISTRIBUCIÓN, ETC.
Lugar de publicación, distribución, etc. Valencia, Esp. :
Nombre del editor, distribuidor, etc. ECIR,
Fecha de publicación, distribución, etc. 2007.
300 ## - DESCRIPCIÓN FÍSICA
Extensión [32] p. :
Otras características físicas il. col.
440 #0 - MENCIÓN DE SERIE/ASIENTO SECUNDARIO--TÍTULO
Título Multicolor ;
Designación de volumen o secuencia 12.
Nombre de parte o sección de la obra Pequeños lectores de 6 a 8 años
500 ## - NOTA GENERAL
Nota general Bilingüe : Español/Rumano
650 #4 - ASIENTO SECUNDARIO DE MATERIA - TERMINO TEMATICO
Término de materia o nombre geográfico como elemento de entrada Cuentos infantiles
9 (RLIN) 6744
650 #7 - ASIENTO SECUNDARIO DE MATERIA - TERMINO TEMATICO
Término de materia o nombre geográfico como elemento de entrada Abuelo y niño
Fuente del encabezamiento o término
9 (RLIN) 4036
650 #4 - ASIENTO SECUNDARIO DE MATERIA - TERMINO TEMATICO
Término de materia o nombre geográfico como elemento de entrada LITERATURA INFANTIL RUMANA
9 (RLIN) 21845
740 0# - ASIENTO SECUNDARIO - TÍTULOS RELACIONADOS /ANALITICOS NO CONTROLADOS
Título relacionado o analítico no controlado Cosmin si càtelusa Mina
905 ## - TIPO DE MATERIAL
Tipo de material Infantil
Holdings
Estado de retiro Estado de pérdida Fuente del sistema de clasificación o colocación Estado dañado No para préstamo Código de colección Localización permanente Ubicación/localización actual Ubicación en estantería Fecha de adquisición Total de préstamos Clasificación Código de barras Fecha visto por última vez Número de copia Tipo de ítem Koha
    Library of Congress Classification     Infantil Bib. Gregorio Torres Quintero Bib. Gregorio Torres Quintero Sala infantil Planta baja 10/05/2023 1 PZ74.9 R5.36 287010 31/12/2020 1 Libro